LIBRARY & INFORMATION CENTRE, KCAET, TAVANUR

ONLINE PUBLIC ACCESS CATALOGUE (OPAC)

Tolstoeyyude ompathu kathakal (Record no. 151)

MARC details
000 -LEADER
fixed length control field 00443cam a2200193ua 4500
041 ## - LANGUAGE CODE
Language code of text/sound track or separate title eng
082 ## - DEWEY DECIMAL CLASSIFICATION NUMBER
Classification number 894.812301
Item number TOL/TO
100 ## - MAIN ENTRY--AUTHOR NAME
Personal name Tolstoy, Leo .
245 ## - TITLE STATEMENT
Title Tolstoeyyude ompathu kathakal
250 ## - EDITION STATEMENT
Edition statement 1 /
260 ## - PUBLICATION, DISTRIBUTION, ETC. (IMPRINT)
Place of publication Trichur :
Name of publisher Bharathiya sathiya samithi ,
Year of publication 1968.
300 ## - PHYSICAL DESCRIPTION
Number of Pages 90 ; .
700 1# - ADDED ENTRY--PERSONAL NAME
Personal name Leo, .
942 ## - ADDED ENTRY ELEMENTS (KOHA)
Koha item type Books
Holdings
Withdrawn status Lost status Damaged status Home library Current library Date acquired Full call number Accession Number Koha item type
      KAUAET KAUAET 07/04/2012 894.812301 12675 Books
free website counter